Violencia y abuso en la familia / (Record no. 170641)

MARC details
000 -CABECERA
campo de control de longitud fija 00618nam a2200217 u 4500
005 - FECHA Y HORA DE LA ÚLTIMA TRANSACCIÓN
campo de control 20240913064623.0
008 - ELEMENTOS DE LONGITUD FIJA--INFORMACIÓN GENERAL
campo de control de longitud fija 140728s1999 r 000 0 eng d
020 ## - NÚMERO INTERNACIONAL NORMALIZADO PARA LIBROS
Número Internacional Estándar del Libro 9507249281
035 ## - NÚMERO DE CONTROL DEL SISTEMA
Número de control de sistema UPN01000198540
049 ## - COLECCIÓN
Colección CG
050 #4 - SIGNATURA TOPOGRÁFICA DE LA BIBLIOTECA DEL CONGRESO
Número de clasificación HQ809
Número de documento/Ítem S2.8
100 1# - ASIENTO PRINCIPAL--NOMBRE PERSONAL
Nombre de persona Sanz, Diana
9 (RLIN) 36307
245 10 - MENCIÓN DE TÍTULO
Título Violencia y abuso en la familia /
Mención de responsabilidad, etc. Diana Sanz, Alejandro Molina.
260 ## - PUBLICACIÓN, DISTRIBUCIÓN, ETC.
Lugar de publicación, distribución, etc. Buenos Aires :
Nombre del editor, distribuidor, etc. Lumen/Hvmanitas,
Fecha de publicación, distribución, etc. 1999.
300 ## - DESCRIPCIÓN FÍSICA
Extensión 351 p.
440 #0 - MENCIÓN DE SERIE/ASIENTO SECUNDARIO--TÍTULO
Título Minoridad y familia
650 #4 - ASIENTO SECUNDARIO DE MATERIA - TERMINO TEMATICO
Término de materia o nombre geográfico como elemento de entrada Violencia familiar
9 (RLIN) 5665
650 #4 - ASIENTO SECUNDARIO DE MATERIA - TERMINO TEMATICO
Término de materia o nombre geográfico como elemento de entrada Abuso de niños
9 (RLIN) 71
700 1# - ASIENTO SECUNDARIO--NOMBRE DE PERSONAL
Nombre de persona Molina, Alejandro,
Término indicativo de función/relación coaut.
905 ## - TIPO DE MATERIAL
Tipo de material Libro
Holdings
Estado de retiro Estado de pérdida Fuente del sistema de clasificación o colocación Estado dañado No para préstamo Código de colección Localización permanente Ubicación/localización actual Ubicación en estantería Fecha de adquisición Total de préstamos Clasificación Código de barras Fecha visto por última vez Fecha del último préstamo Número de copia Tipo de ítem Koha
    Library of Congress Classification     Colección General Bib. Gregorio Torres Quintero Bib. Gregorio Torres Quintero Planta baja 19/09/2023 7 HQ809 S2.8 297721 02/10/2023 19/09/2023 1 Libro